Productivity, Management Practices And Disease Incidences of The Indigenous, Exotic And Crossbred Chickens Under Smallholders' Conditions in Rajshahi, Bangladesh / (Record no. 82263)
[ view plain ]
| 000 -LEADER | |
|---|---|
| fixed length control field | 01029nam a2200241 a 4500 |
| 001 - CONTROL NUMBER | |
| RUCL Control Number | 82263 |
| 003 - CONTROL NUMBER IDENTIFIER | |
| rucl marc code | BD-RjUL |
| 005 - DATE AND TIME OF LATEST TRANSACTION | |
| control field | 20240121102539.0 |
| 008 - FIXED-LENGTH DATA ELEMENTS--GENERAL INFORMATION | |
| fixed length control field | 231108s2014 bg a|||| m||| 00| 0 eng d |
| 035 ## - SYSTEM CONTROL NUMBER | |
| system control number | (BD-RjUL)82263 |
| 040 ## - CATALOGING SOURCE | |
| Original cataloging agency | BD-RjUL |
| Language of cataloging | eng |
| Transcribing agency | BD-RjUL |
| Modifying agency | BD-RjUL |
| 041 ## - LANGUAGE CODE | |
| Language code of Book | eng |
| 082 ## - DEWEY DECIMAL CLASSIFICATION NUMBER | |
| DDC Edition number | 23 |
| Classification number | 636.51 |
| Author mark and Year | DUP 2014 |
| 100 ## - MAIN ENTRY--PERSONAL NAME | |
| Personal name | Dutta, Ripon Kumar |
| 9 (RLIN) | 9970 |
| 245 10 - TITLE STATEMENT | |
| Title | Productivity, Management Practices And Disease Incidences of The Indigenous, Exotic And Crossbred Chickens Under Smallholders' Conditions in Rajshahi, Bangladesh / |
| Statement of responsibility, etc | Ripon Kumar Dutta ; |
| Name of Supervisor/Co-Supervisor | Supervisor : M. Saiful Islam. |
| 260 ## - PUBLICATION, DISTRIBUTION, ETC. (IMPRINT) | |
| Place of publication, distribution, etc | Rajshahi : |
| Name of publisher, distributor, etc | Department of Zoology, University of Rajshahi, |
| Date of publication, distribution, etc | 2014. |
| 300 ## - PHYSICAL DESCRIPTION | |
| Pagination | [6], xvii, 210 leaves : |
| Other physical details | ill.; |
| Dimensions | 29 cm. |
| 502 ## - DISSERTATION NOTE | |
| Dissertation note | Thesis(Ph.D.)-- Department of Zoology,University of Rajshahi,2014 |
| 504 ## - BIBLIOGRAPHY, ETC. NOTE | |
| Bibliography, etc | Literature Cited : Leaves 172-196 |
| 650 ## - SUBJECT ADDED ENTRY--TOPICAL TERM | |
| Topical term or geographic name as entry element | Chickens |
| General subdivision | Productivity, Management Practices And Disease |
| Geographic subdivision | Bangladesh |
| Source of heading or term | Rajshahi |
| 9 (RLIN) | 9971 |
| 700 ## - ADDED ENTRY--SUPERVISOR/CO-SUPERVISOR NAME | |
| Personal name | Islam, M. Saiful, Supervisor |
| 9 (RLIN) | 9972 |
| 942 ## - ADDED ENTRY ELEMENTS (KOHA) | |
| Source of classification or shelving scheme | Dewey Decimal Classification |
| Koha item type | Theses |
| Source of classification or shelving scheme | Damaged status | Not for loan | Collection code | Permanent Location | Current Location | Shelving location | Date of accession | Source of acquisition | Total Checkouts | Full call number | Barcode | Date last seen | Copy number | Thesis |
|---|---|---|---|---|---|---|---|---|---|---|---|---|---|---|
| Dewey Decimal Classification | Not For Loan | Theses | Central Library, University of Rajshahi | Central Library, University of Rajshahi | Documentation Section | 25/11/2015 | Controller of Exam. R.U. | THE 636.51 DUP 2014 | D3835 | 08/11/2023 | C-1 | Theses |